Minimalizácia platobného rizika pri vývoze prostredníctvom poistenia pohľadávok diplomová práca

Guardado en:
Detalles Bibliográficos
Autor principal: Miklošová, Tatiana
Autor Corporativo: Obchodná fakulta EU. Katedra medzinárodného obchodu
Otros Autores: Pavelka, Ľuboš, 1962-
Formato: Libro
Lenguaje:eslovaco
Publicado: Bratislava 2010
Etiquetas: Agregar Etiqueta
Sin Etiquetas, Sea el primero en etiquetar este registro!

MARC

LEADER 00000nam a2200000 4500
001 0120168
005 20240318122724.3
041 0 |a slo 
044 |a SK 
245 1 0 |a Minimalizácia platobného rizika pri vývoze prostredníctvom poistenia pohľadávok  |b diplomová práca  |c Tatiana Miklošová ; škol. Ľuboš Pavelka 
264 1 |a Bratislava  |c 2010 
300 |a 84 s. 
100 1 |a Miklošová, Tatiana 
700 1 |a Pavelka, Ľuboš, 1962- 
710 2 |a Obchodná fakulta EU. Katedra medzinárodného obchodu